00654nam a2200157 a 450000100100000000500170001000800410002704000250006808200080009310000550010124500770015626000500023330000210028395201750030499900170047900003355520240301142239.0110831s1889 sp 000 0 spa d aDO-SdBNPbspacBNPHU axxx1 aNúñez de Cáceres, José, d1772-184691325510aCurso sintético de latín clásico /cJosé Núñez de Cáceres. aBarcelona :bImprenta de Luís Tasso,c1889. a167 p. ;c20 cm. 001050718RVaPDbPDcCTd2011-08-31iLF1l0oxxx p33555-10r2020-06-25w2020-06-25y1zPerteneció a la biblioteca personal de Carlos Larrazabal BlancoZNo se presta c33046d33046